Statistics for Top 10 most important and famous people from North and South Carolina

Click here to take the quiz!

General Stats

  • This quiz has been taken 33 times
  • The average score is 4 of 10

Answer Stats

HintAnswer% Correct
Actor famous for his role in Black Panther, died in 2020Chadwick Boseman
84%
President from 1865 to 1869Andrew Johnson
53%
The first boxer to defeat Muhammad Ali, he reigned as the undisputed heavyweight champion from 1970 to 1973Joe Frazier
53%
Singer, I Got You (I Feel Good), It's a Man's Man's Man's WorldJames Brown
47%
His YouTube channel reached 130 million subscribers in January 2023, making it the fourth-most-subscribed on the platformMrBeast
42%
Basketball player who plays for the Phoenix Suns in NBA, regarded as one of the greatest point guards of all timeChris Paul
37%
Actress famous for her roles in The Help and FencesViola Davis
32%
One of the greatest boxers of all time, he competed professionally between 1977 and 1997, winning world titles in five weight classesSugar Ray Leonard
26%
Actress famous for her roles in Boogie Nights, The End of the Affair and Far from HeavenJulianne Moore
16%
Female singer, Mississippi Goddam, Four WomenNina Simone
11%

Score Distribution

Percentile by Number Answered

Percent of People with Each Score

Your Score History

You have not taken this quiz